000 00438nam a22001697a 4500
003 CEME
005 20210628205317.0
008 210309b xxu||||| |||| 00| 0 eng d
020 _a969-8135-06-5
040 _c.
082 _a371.95491 SHA'E
100 _aShah, R. A. Dr
_974880
245 _aEducation and teacher education in pakistan
260 _aJAMSHORO SIND
_bPAKISTAN STUDY CENTRE
_c1995
300 _a214P
942 _cBK
_2ddc
999 _c580383
_d580383